Chú chuột xà ích

Salvato in:
Dettagli Bibliografici
Autore principale: Wilson, David Henry
Natura: Libro
Lingua:Undetermined
Pubblicazione: Hà Nội Văn Học 2001
Soggetti:
Tags: Aggiungi Tag
Nessun Tag, puoi essere il primo ad aggiungerne! !
Thư viện lưu trữ: Trung tâm Học liệu Trường Đại học Cần Thơ
LEADER 00545nam a2200193Ia 4500
001 CTU_95884
008 210402s9999 xx 000 0 und d
020 |c 31000 
082 |a 813.4 
082 |b W747 
100 |a Wilson, David Henry 
245 0 |a Chú chuột xà ích 
245 0 |c David Henry Wilson; Nguyễn Kim Thạch dịch 
260 |a Hà Nội 
260 |b Văn Học 
260 |c 2001 
650 |a Short story,American literature 
904 |i Nguyên 
980 |a Trung tâm Học liệu Trường Đại học Cần Thơ